| 000 | 01206nam a22002537a 4500 | ||
|---|---|---|---|
| 003 | NALT | ||
| 005 | 20260219145324.0 | ||
| 008 | s2548 th tha d | ||
| 020 | _a9749941942 | ||
| 040 | _aNALT | ||
| 041 | _atha | ||
| 090 |
_aKE 11 _bบ241ก 2548 |
||
| 100 | 0 |
_aบวรศักดิ์ อุวรรณโณ _96337 |
|
| 245 | 1 | 0 |
_aกฎหมายมหาชน เล่ม 2 : _bการแบ่งแยกกฎหมายมหาชน-เอกชน และพัฒนาการกฎหมายมหาชนในประเทศไทย / _cบวรศักดิ์ อุวรรณโณ. |
| 250 | _aพิมพ์ครั้งที่ 4 | ||
| 260 |
_aกรุงเทพฯ : _bสำนักพิมพ์แห่งจุฬาลงกรณ์มหาวิทยาลัย, _c2548 |
||
| 300 |
_a353 หน้า ; _c26 ซม. |
||
| 650 | 0 | 4 | _aกฎหมายเอกชน |
| 650 | 0 | 4 |
_aกฎหมายมหาชน _92028 |
| 850 | _aNALT | ||
| 856 | 4 | 0 | _uhttps://hdl.handle.net/20.500.14156/302911 |
| 942 |
_cLB _2local |
||
| 999 |
_c47042 _d47042 |
||
| 998 |
_j111 _k นางสาวพจพิณ พรมเอี่ยม |
||